| Tag |
First Indicator |
Second Indicator |
Subfields |
| LEADER |
00000cam a2200000 4500 |
| 001 |
in00001865670 |
| 006 |
m | d | |
| 007 |
cr |n||||||||n |
| 008 |
870423s1780 enk|||| s 00||||eng d |
| 005 |
20260413212156.7 |
| 035 |
|
|
|a (CStRLIN)ESTCN27613
|
| 040 |
|
|
|a Cu-RivES
|c Cu-RivES
|d CStRLIN
|d Thomson Gale
|d UtOrBLW
|
| 100 |
0 |
|
|a Gentleman in town.
|
| 245 |
1 |
0 |
|a Copy of a genuine letter from a gentleman in town :
|b to one of his friends in the country, dated Feb. 20, 1780.
|
| 264 |
|
1 |
|a [London?],
|b [publisher not identified] ;
|c [1780]
|
| 300 |
|
|
|a 24p. ;
|c 8⁰.
|
| 336 |
|
|
|a text
|b txt
|2 rdacontent
|
| 337 |
|
|
|a computer
|b c
|2 rdamedia
|
| 338 |
|
|
|a online resource
|b cr
|2 rdacarrier
|
| 500 |
|
|
|a "In defence of the government in relation to the affairs of America" (NUC).
|
| 500 |
|
|
|a Drop-head title.
|
| 500 |
|
|
|a Reproduction of original from the Harvard University Houghton Library.
|
| 510 |
4 |
|
|a English Short Title Catalog,
|c ESTCN27613.
|
| 533 |
|
|
|a Electronic reproduction.
|b Farmington Hills, Mich. :
|c Thomson Gale,
|d 2003.
|n Available via the World Wide Web.
|n Access limited by licensing agreements
|7 s2003 miunns
|
| 500 |
|
|
|a Electronic resource.
|
| 830 |
|
0 |
|a Eighteenth century collections online.
|
| 856 |
4 |
0 |
|u http://proxy.library.tamu.edu/login?url=https://galenet.galegroup.com/servlet/ECCO?c=1&stp=Author&ste=11&af=BN&ae=N027613&tiPG=1&dd=0&dc=flc&docNum=CW108724126&vrsn=1.0&srchtp=a&d4=0.33&n=10&SU=0LRL+OR+0LRI&locID=txshracd2898
|z Full text online
|t 0
|
| 999 |
|
|
|a MARS
|
| 999 |
f |
f |
|s db31799a-6040-3ced-8288-d3d18d2ba09d
|i 8199cb30-fbe4-345c-8a37-136afb67b3f9
|t 0
|
| 952 |
f |
f |
|a Texas A&M University
|b College Station
|c Electronic Resources
|s www_evans
|d Available Online
|t 0
|h No information provided
|
| 998 |
f |
f |
|t 0
|l Available Online
|